Stadionnamen deutscher Fußball-Bundesligisten in den 1980er - Statistiken

Allgemein
  • Dieses Quiz wurde 34 mal gespielt
    30 seit der letzten Aktualisierung
  • Das Durchschnittsergebnis liegt bei 19 aus 33
Antwortstatistiken
Hinweis Antwort % Korrekt
Werder Bremen Weser-Stadion
100%
Hamburger SV Volksparkstadion
96%
Eintracht Frankfurt Waldstadion Frankfurt
96%
Hertha BSC Olympiastadion Berlin
93%
Borussia Dortmund Westfalenstadion
93%
Karlsruher SC Wildparkstadion
93%
1. FC Kaiserslautern (ab 1985) Fritz-Walter-Stadion
89%
FC Bayern München Olympiastadion München
89%
1. FC Kaiserslautern (bis 1985) Betzenberg
85%
VfL Bochum Ruhrstadion
85%
Arminia Bielefeld Alm
81%
FC Schalke 04 Parkstadion
78%
Borussia Mönchengladbach Bökelbergstadion
74%
1. FC Köln Müngersdorfer Stadion
74%
Hannover 96 Niedersachsenstadion
74%
SV Darmstadt 98 Städtisches Stadion am Böllenfalltor
70%
VfB Stuttgart Neckarstadion
67%
MSV Duisburg Wedaustadion
63%
Fortuna Düsseldorf Rheinstadion
59%
Eintracht Braunschweig (bis 1981) Eintracht-Stadion
52%
Kickers Offenbach Stadion am Bieberer Berg
52%
TSV 1860 München Olympiastadion München
48%
Bayer 04 Leverkusen Ulrich-Haberland-Stadion
41%
Bayer 05 Uerdingen Grotenburg-Stadion
37%
1. FC Saarbrücken Ludwigsparkstadion
33%
Blau-Weiß 90 Berlin Olympiastadion Berlin
30%
Stuttgarter Kickers Neckarstadion
15%
Eintracht Braunschweig (ab 1981) Städtisches Stadion an der Hamburger Straße
15%
1. FC Nürnberg Städtisches Stadion
7%
SV Waldhof Mannheim (bis 1988/89) Südweststadion Ludwigshafen
7%
FC St. Pauli Wilhelm-Koch-Stadion
7%
SV Waldhof Mannheim (1989/90) Stadion am Alsenweg
4%
FC 08 Homburg Waldstadion Homburg
0%
Keine übereinstimmenden Quizze gefunden
Verteilung der Resultate
Anzahl Personen mit jedem Resultat
Perzentil nach korrekt beantworteten Fragen
Ihre Resultats-Entwicklung
Sie haben dieses Quiz seit der letzten Aktualisierung nicht gespielt